000 00599nam a22001817a 4500
999 _c17845
_d17845
003 AR-CdUCM
008 190509b ||||| |||| 00| 0 sp d
040 _aMUNICIPALIDAD PROVINCIAL DEL CUSCO
_cBIBLIOTECA MUNICIPAL DEL CUSCO
082 _a340.7 /
_bA82
100 _aAlsina, Hugo
_911434
245 _aDefensa y excepciones /
260 _aBuenos Aires :
_bJuridicas,
_c1958.
300 _a139 páginas ;
_c16 cm.
505 _aPlan de exposicion las excepiones en el derecho romano -- Las excepciones en el derecho canónico
650 _aderecho.
_9739
942 _2ddc
_cLIBROS
945 _awfj